00628nam a22001697a 450000500170000001000150001702000310003203500140006303700130007708200210009024500980011126000440020927000770025330000830033070000230041370000220043620210330153424.0 aENG-129334 a978-93-5388-388-1c1395.00 aEN-112866 bDBAD/PUB a363.349295610954 aDrought Risk Management i South and South-East Asia/cedited by Indrajit Pal and Mihir Bhatt aNew DelhibSage Publication Indiac2020 aB1/1-1 Mohan Cooperative Industrial Area Mathura RoadbNew Delhie110044 axvii+374p.c22cm(hbk)bIncluding tables, index and bibliographical references. aPal, Indrajit, Ed. aBhatt, Mihir, Ed.